रत्नावली नाटिका (Record no. 1011613)

MARC details
000 -LEADER
fixed length control field 00868nam a2200253Ia 4500
003 - CONTROL NUMBER IDENTIFIER
control field OSt
005 - DATE AND TIME OF LATEST TRANSACTION
control field 20221005104044.0
008 - FIXED-LENGTH DATA ELEMENTS--GENERAL INFORMATION
fixed length control field 221004b |||||||| |||| 00| 0 san d
037 ## - SOURCE OF ACQUISITION
Terms of availability Textual
040 ## - CATALOGING SOURCE
Original cataloging agency CRL
Transcribing agency CRL
Language of cataloging san
041 ## - LANGUAGE CODE
Source of code san
Language code of text/sound track or separate title san
100 ## - MAIN ENTRY--PERSONAL NAME
Personal name हर्षदेव, ले.
245 #0 - TITLE STATEMENT
Title रत्नावली नाटिका
246 ## - VARYING FORM OF TITLE
Title proper/short title Ratnāvalī nāṭikā
260 ## - PUBLICATION, DISTRIBUTION, ETC.
Place of publication, distribution, etc. दिल्ली
Name of publisher, distributor, etc. चौखम्भा ओरियन्टालिया भारत
Date of publication, distribution, etc. 2019
300 ## - PHYSICAL DESCRIPTION
Extent 488पृ0
Dimensions cm.
942 ## - ADDED ENTRY ELEMENTS (KOHA)
Classification part O15,2D60,1, 152Q9
Koha item type Textual
Source of classification or shelving scheme
Holdings
Withdrawn status Lost status Damaged status Not for loan Home library Current library Date acquired Source of acquisition Total Checkouts Full call number Barcode Date due Date last seen Date last checked out Price effective from Koha item type Public note
        Central Library Arts Library 2022-10-05 300, 29/01/2020, Eastern Book Linkers 2 O15,2D60,1 152Q9 CL1662257 2026-05-07 2026-04-07 2026-04-07 2022-10-05 Textual Translated from Sanskrit to Hindi
Copyright @ Delhi University Library System